00342nam a2200133Ia 4500008004100000041000800041082001400049100002000063245004500083250001400128260003100142300003000173365000500203240624s9999 xx 000 0 und d aeng a519.2 RAH aROHATGI VIJAY K aINTRODUCTION TO PROBABILITY AND STATISTI a(2nd ed.) c2003aNew YorkbJohn Wiley axv, : 716 : p. : cm. ; 26 c